2024 Year in Review - Statistics

General Stats
  • This quiz has been taken 175 times
  • The average score is 14 of 36
Answer Stats
Month Question Answer % Correct
July Joe Biden announces he was dropping out his campaign, who replaced him as the Democratic candidate Kamala Harris
84%
November Winner of the US election, becoming the 47th President Donald Trump
80%
July The Olympics were being held in this city Paris
78%
October This former President turns 100 Jimmy Carter
67%
February Who won the Super Bowl LVIII Kansas City Chiefs
66%
April This state becomes the third most populated in the USA Florida
65%
May Who was sworn in for their 5th term in the Kremlin Vladimir Putin
65%
May Title of popular Kendrick Lamar diss track that went to #1 Not Like Us
57%
January Name the Florida Governor who dropped out of the Presidential race Ron DeSantis
56%
March Which country became NATO's 32nd member Sweden
54%
October Name either part of the first Father-Son NBA Duo LeBron James | Bronny James
49%
September What was the first South East Asian country to recognize same-sex marriage Thailand
48%
February Who performed the half-time show at the Super Bowl Usher
46%
September Which musician was arrested and charged for numerous offences P Diddy
44%
April A comic book that introduced a superhero sold for a record $6 million, who was the superhro Superman
42%
January Name one of the countries who joined the BRICS union this month Egypt | Ethiopia | Iran | Saudi Arabia | United Arab Emirates
41%
July Who was elected as British Prime Minister Keir Starmer
39%
August This country blocks X Brazil
37%
December This driver wins his 4th consecutive World F1 title Max Verstappen
36%
April Event that put 44 million people into darkness Solar Eclipse
33%
September Hassan Nasrallah was killed by Israel, but which group did he lead Hezbollah
32%
August Which British rock duo shocked the world by announcing their return Oasis
32%
June Who was elected to become Mexico's first female president Claudia Sheinbaum
31%
June Which company overtakes Microsoft to become the world's most valuable company at $3.34 trillion Nvidia
29%
March Who apologised for causing confusion with an edited family photo Kate Middleton
28%
March Which film won best picture at the Academy Awards Oppenheimer
26%
June Wheel of Fortune host that left his role after 43 years Pat Sajak
21%
December This company unveils a new revolutionary quantum computer Google
20%
February Taylor Swift won her 4th Best Album Grammy, what was it called Midnights
20%
December This South Korean President declared martial law for the first time in 50 years Yoon Suk Yeol
14%
January The world's largest cruise ship sailed its maiden voyage, what is its name Icon of the Seas
13%
November COP29 is held in this Asian city Baku
9%
October Japan's new Prime Minister Shigeru Ishiba
8%
November Collins Dictionary word of the year Brat
7%
August Name of Russian-French Telegram boss and founder who was arrested Pavel Durov
6%
May What was voted Apple Music's Best Album Ever The Miseducation of Lauryn Hill
4%
No matching quizzes found
Score Distribution
Percent of People with Each Score
Percentile by Number Answered
Your Score History
You have not taken this quiz